Sports Quiz

Random Sports Quiz

Chelsea Kit Numbers 2015/16 Quiz Stats

Quiz not verified by Sporcle

Challenge
Share
Tweet
Embed
Score 0/20 Timer 10:00
0 Plays Today
Hint Answer % Correct
1Asmir Begovic
97.8%
2Branislav Ivanovic
97.8%
8Oscar
84.8%
10Eden Hazard
84.8%
4Cesc Fabregas
78.3%
5Kurt Zouma
71.7%
11Pedro
69.6%
13Thibout Courtois
69.6%
26John Terry
69.6%
12John Obi Mikel
67.4%
Hint Answer % Correct
19Diego Costa
67.4%
7N'Golo Kante
65.2%
3Marcos Alonso
63%
21Nemanja Matic
63%
22Willian
63%
24Gary Cahill
63%
15Victor Moses
52.2%
14Ruben Loftus-Cheek
50%
30David Luiz
50%
23Michy Batshuayi
39.1%

You're not logged in!

Compare scores with friends on all Sporcle quizzes.
Sign Up with Email
OR
Log In

Show Comments

Extras

Top Quizzes Today


Score Distribution

Your Account Isn't Verified!

In order to create a playlist on Sporcle, you need to verify the email address you used during registration. Go to your Sporcle Settings to finish the process.